| 000 | 00658cam a2200193 4500500 | ||
|---|---|---|---|
| 005 | 20260329010020.0 | ||
| 041 | _afre | ||
| 042 | _adc | ||
| 100 | 1 | 0 |
_aLarmagnac-Matheron, Octave _eauthor |
| 245 | 0 | 0 | _aPetite leçon d’impermanence : la vieille mère et son fils mort |
| 260 | _c2020. | ||
| 500 | _a44 | ||
| 690 | _aBouddha | ||
| 690 | _aÉphémère | ||
| 690 | _aImpermanence | ||
| 690 | _aMort | ||
| 786 | 0 | _nPhilosophie magazine - Hors séries | Hors-série Hiver-Pritemps 2020 | HS44 | 2020-04-01 | p. 19-19 | 2104-9246 | |
| 856 | 4 | 1 | _uhttps://shs.cairn.info/magazine-philosophie-magazine-2020-hs44-page-19?lang=fr&redirect-ssocas=7080 |
| 999 |
_c1848753 _d1848753 |
||